Guess the tropical cyclone by landfalls - Statistics

General Stats
  • This quiz has been taken 56 times
    17 since last reset
  • The average score is 29 of 54
Answer Stats
Answer First landfall Second landfall Third landfall Fourth landfall Fifth landfall Sixth landfall Seventh Landfall % Correct
Charlie | Ian Western Cuba Southwest Florida South Carolina
100%
Maria Dominica Puerto Rico
100%
Dorian Barbados St. Lucia St. Thomas Great Abaco, Bahamas Grand Bahama, Bahamas Cape Hatteras, North Carolina Nova Scotia, Canada
93%
Irma Barbuda St. Martin British Virgin Islands Little Inagua, Bahamas Camaguey, Cuba Big Pine Key, Florida Southwest Florida
93%
Andrew Eleuthera, Bahamas Berry Islands, Bahamas Miami-Dade, Florida St. Mary, Louisiana
86%
Harvey Barbados St. Vincent Rockport, Texas Cameron, Louisiana
79%
Katrina Bahamas (multiple) Miami-Dade, Florida Mississippi delta, Louisiana Mississippi
79%
Matthew Haiti Guantanamo, Cuba Grand Bahama South Carolina
79%
Michael Panama City, Florida
79%
Otis Acapulco, Mexico
79%
Sandy Jamaica Santiago de Cuba, Cuba Bahamas (multiple) Brigantine, New Jersey
79%
Wilma Cozumel, Mexico Quintana Roo, Mexico Southwest Florida
79%
Winston Vanua Bavalu, Fiji Viti Levu, Fiji
79%
Dean Quintana Roo, Mexico Veracruz, Mexico
71%
Haiyan Palau Eastern Samar, Philippines Leyte, Philippines Cebu, Philippines Iloilo, Philippines Busuanga, Philippines Haiphong, Vietnam
71%
Hugo Guadelopue Saint Croix Puerto Rico South Carolina
71%
Camille Pinar del Rio, Cuba Mississippi delta, Louisiana Mississippi
64%
Eta Nicaragua Sancti Spiritus, Cuba Florida Keys, Florida Levy County, Florida
64%
Felix Grenada Nicaragua
64%
Laura Leeward Islands (multiple) Dominican Republic Santiago de Cuba, Cuba Pinar del Rio, Cuba Cameron, Louisiana
64%
Mitch Honduras Campeche, Mexico Southwest Florida
64%
Gay Chumphon Province, Thailand Andaman Islands, India Andhra Pradesh, India
57%
Iniki Kauai, Hawaii
57%
Irene Leeward islands (Multiple) Puerto Rico Bahamas (multiple) Outer banks, North Carolina Brigantine, New Jersey Brooklyn, New York
57%
Ivan Grenada* Alabama Cameron, Louisiana
57%
Manuel Michoacán, Mexico Sinaloa, Mexico
57%
Patricia Jalisco, Mexico
57%
Yutu Tinian & Saipan Luzon, Philippines
57%
David Dominica Dominican Republic Guantanamo, Cuba Adros Island, Bahamas West Palm Beach, Florida Georgia
50%
Nargis Ayeyarwary, Myanmar
50%
Fifi-Orlene Belize Sinaloa, Mexico
43%
Freddy Vatovavy, Madagascar Inhambane, Mozambique Zambezia, Mozambique
43%
Gilbert Jamaica Quintana Roo, Mexico Tamaulipas, Mexico
43%
Idai Central Mozambique Beira, Mozambique
43%
Ike Inagua, Bahamas Holguin, Cuba Pinar del Rio, Cuba Galveston, Texas
43%
Jeanne Guadelopue Puerto Rico Dominican Republic Turks and Caicos Islands Great Abaco, Bahamas Grand Bahama, Bahamas Eastern Florida
43%
Meranti Itbayat, Philippines Fujian, China
43%
Monica Queensland, Australia Northern Territory, Australia
43%
Rammasun Guam Albay, Philippines Hainan, China Guangdong, China Guangxi, China
43%
Georges Antigua St. Kitts Puerto Rico Dominican Republic Guantanamo, Cuba Key West, Florida Mississippi
36%
Joan Grenada Falcón, Venezuela Guajira Peninsula, Venezuela Nicaragua
36%
Tauktae Lakshadweep archipelago, India* Gujarat, India
36%
Hagibis Anatahan, Northern Mariana Islands* Izu peninsula, Japan
29%
Ioke Johnston Atoll* Wake Island*
29%
Jebi Tokushima, Japan Kobe, Japan
29%
Mangkhut Rota, Northern Mariana Islands Luzon, Philippines Guangdong, China
29%
Odile Baha California Sur, Mexico
29%
Saomai Guam Zhejiang, China
29%
Vera Wakayama, Japan
29%
Bilis Taitung, Taiwan Fujian, China
21%
Faxai Kanagawa prefecture, Japan Chiba prefecture, Japan
21%
Harold Espiritu Santo, Vanuatu Pentecost, Vanuatu Kandavu Island, Fiji
21%
Xangsane Samar, Philippines Sorsogon, Philippines Quezon, Philippines Bataan, Philippines Da Nang, Vietnam
14%
Maemi Guam Ryuku Islands, Japan Busan, South Korea Hokkaido, Japan
7%
No matching quizzes found
Score Distribution
Percent of People with Each Score
Percentile by Number Answered
Your Score History
You have not taken this quiz since the last reset